| 000 | 00533cam a2200217ua 4500 | ||
|---|---|---|---|
| 001 | 7703 | ||
| 008 | 141222n ii |||gr||||Z||||||asm | ||
| 020 | _a9788190575287 | ||
| 040 | _cMAIN | ||
| 041 | _aasm | ||
| 082 | _a954.162 | ||
| 100 |
_aTalukdar, M., _eAuthor. |
||
| 245 | 1 |
_aAssam : _bVol-VI (1991-2000) / _cBy Mrinal Talukdar . |
|
| 250 | _a1st. | ||
| 260 |
_aGuwahati: _bBhawani, _c2014. |
||
| 300 | _a284p. | ||
| 653 | _aSouth Asia India | ||
| 653 | _aAssam history | ||
| 700 |
_aKalita, K.K., _eAuthor. |
||
| 942 | _cBK | ||
| 999 |
_c6824 _d6824 |
||